000 00593pam a2200193 a 4500
001 634886
005 20250121111827.0
008 930506s1994 maua b 001 0 eng
020 _a0674580540 (alk. paper)
050 0 0 _aHJ141
_b.M634 1994
082 0 0 _a336
_220
245 0 0 _aModern public finance /
_cedited by John M. Quigley and Eugene Smolensky.
260 _aCambridge, Mass. :
_bHarvard University Press,
_c1994.
300 _aviii, 352 p. :
_bill. ;
_c25 cm.
650 0 _aFinance, Public.
700 1 _aQuigley, John M.,
_d1942-
700 1 _aSmolensky, Eugene.
942 _2lcc
_cBK
_n0
999 _c2738
_d2738